| 000 | 00810cam a2200241 a 4500 | ||
|---|---|---|---|
| 001 | vtls003028690 | ||
| 003 | MY-SjTCS | ||
| 005 | 20200306163519.0 | ||
| 008 | 110218s2006 enka 001 0 eng d | ||
| 020 | _a0470018380 (pbk.) | ||
| 039 | 9 |
_a201904221201 _bshuhada _c201102181350 _dVLOAD _c200607251851 _dchon ling _c200606161026 _dshah_rol _y200606161017 _zshah_rol |
|
| 082 | 0 | 4 |
_a616.89142 _bWIL |
| 100 | 1 |
_aWillson, Rob. _9234886 |
|
| 245 | 1 | 0 |
_aCognitive behavioural therapy for dummies / _cRob Willson, Rhena Branch. |
| 260 |
_aChichester : _bJohn Wiley, _c2006. |
||
| 300 |
_axviii, 330 p. : _bill. ; _c24 cm. |
||
| 490 | 1 | _a--For dummies | |
| 500 | _aIncludes index. | ||
| 650 | 0 |
_aCognitive therapy. _921943 |
|
| 700 | 1 |
_aBranch, Rhena. _921944 |
|
| 830 | 0 |
_a--For dummies _92316 |
|
| 920 | _aADP : 97948 | ||
| 999 | _c42866 | ||